| 000 | 00513nam a2200217Ia 4500 | ||
|---|---|---|---|
| 003 | 0100 | ||
| 008 | 130307s9999 xx 000 0 und d | ||
| 040 | _cARRUPELIB | ||
| 050 | _aB3279.H48S467 | ||
| 100 | _aSchmitt, Richard | ||
| 245 | _aMartin Heidegger on being human | ||
| 245 | _ban introduction to Sein und Zeit | ||
| 260 | _aNew York | ||
| 260 | _bRandom House | ||
| 260 | _c1969 | ||
| 300 | _a274p. | ||
| 300 | _b20cm. | ||
| 440 | _aStudies in philosophy | ||
| 650 | _aPHILOSOPHY | ||
| 942 | 0 | 0 | _03 |
| 999 |
_c94220 _d94220 |
||